000 00630nam a2200253Ia 4500
005 20250425162148.0
008 250425s9999 xx 000 0 und d
020 _a9701035275
041 _aspa
043 _amx
082 _a658.8342
100 _aARELLANO CUEVA, ROLANDO
245 0 _aCOMPORTAMIENTO DEL CONSUMIDOR: ENFOQUE AMERICA LATINA
250 _a1A ED.
260 _aMEXICO
260 _aMéxico
_bMCGRAW HILL
_c2002
300 _a457
650 _aACTITUDES
650 _aCOMPORTAMIENTO DEL CONSUMIDOR
650 _aESTRATEGIAS DE MARKETING
650 _aMOTIVACION
942 _c01
010 _a53920
999 _c223577
_d223577